[Event "Skakligaen 2025-26"]
[Site "Denmark"]
[Date "2026.01.24"]
[Round "5.4"]
[White "Bank, Pelle Rodkjaer"]
[Black "Sylvan, Jacob"]
[Result "1-0"]
[WhiteElo "2270"]
[BlackElo "2306"]
[EventDate "2025.11.01"]
[EventType "team-tourn"]
[EventRounds "9"]
[EventCountry "DEN"]
[SourceTitle "Holdskaksystemet"]
[WhiteTeam "SK1968"]
[BlackTeam "Nordkalotten"]
[WhiteTeamCountry "DEN"]
[BlackTeamCountry "DEN"]

1. e4 c5 2. b3 Nc6 3. Bb2 e5 4. Nf3 d6 5. Bc4 Be7 6. Nc3 Nf6 7. d3 O-O 8. h3 a6 9. a4 Be6 10. O-O Nd4 11. Nd2 d5 12. exd5 Nxd5 13. Nxd5 Bxd5 14. a5 Bc6 15. Re1 Bd6 16. Ne4 Kh8 17. c3 Nf5 18. Ba3 Rc8 19. Qh5 g6 20. Qe2 Nh4 21. Nxd6 Qxd6 22. Qxe5+ Qxe5 23. Rxe5 Bxg2 24. Rxc5 Bxh3 25. Rxc8 Rxc8 26. Bxf7 Rc7 27. Bd5 Kg7 28. Re1 Nf5 29. c4 g5 30. Re6 Nh4 31. Bb2+ Kf8 32. Ba3+ Kg7 33. Re7+ Rxe7 34. Bxe7 Bc8 35. Bxg5 Ng6 36. Be4 Ne5 37. Bd2 Nc6 38. Bc3+ Kg8 39. d4 Ne7 40. Kg2 h5 41. Kg3 Nf5+ 42. Kh2 Kf7 43. c5 Ne7 44. d5 Ng6 45. b4 h4 46. d6 Nf4 47. Be5 Ng6 48. Bc3 Nf4 49. Bd2 Ng6 50. Bd5+ Kf6 51. Bc3+ Kf5 52. Bxb7 1-0

[Event "Skakligaen 2025-26"]
[Site "Denmark"]
[Date "2026.01.24"]
[Round "5.5"]
[White "Kristensen, Kaare Hove"]
[Black "Rewitz, Poul"]
[Result "1-0"]
[WhiteElo "2265"]
[BlackElo "2256"]
[EventDate "2025.11.01"]
[EventType "team-tourn"]
[EventRounds "9"]
[EventCountry "DEN"]
[SourceTitle "Holdskaksystemet"]
[WhiteTeam "Nordkalotten"]
[BlackTeam "SK1968"]
[WhiteTeamCountry "DEN"]
[BlackTeamCountry "DEN"]

1. d4 f5 2. Nf3 Nf6 3. g3 g6 4. Bg2 Bg7 5. O-O O-O 6. c4 d6 7. Nc3 e6 8. Qc2 Nc6 9. Rd1 Qe7 10. d5 Nd8 11. dxe6 c6 12. Bf4 Ne8 13. Bg5 Bf6 14. Nd5 cxd5 15. Bxf6 Nxf6 16. cxd5 b6 17. Nd4 Bb7 18. Nb5 Rc8 19. Qb3 Ba6 20. Rac1 Rc5 21. Rxc5 bxc5 22. e3 Kg7 23. Bf1 Bb7 24. Bc4 a6 25. Nc3 Ne8 26. Qb6 Nc7 27. a3 Re8 28. b4 Na8 29. Qa5 cxb4 30. Qxb4 Qc7 31. Rb1 Re7 32. Ba2 h5 33. e4 fxe4 34. Nxe4 Qc2 35. Qxd6 Rxe6 36. Rxb7+ Nxb7 37. Qxe6 Qxa2 38. Qe7+ Kh8 1-0

[Event "Skakligaen 2025-26"]
[Site "Denmark"]
[Date "2026.01.24"]
[Round "5.6"]
[White "Lauridsen, Jesper Morch"]
[Black "Hove, Esben Kjems"]
[Result "1/2-1/2"]
[WhiteElo "2230"]
[BlackElo "2239"]
[EventDate "2025.11.01"]
[EventType "team-tourn"]
[EventRounds "9"]
[EventCountry "DEN"]
[SourceTitle "Holdskaksystemet"]
[WhiteTeam "SK1968"]
[BlackTeam "Nordkalotten"]
[WhiteTeamCountry "DEN"]
[BlackTeamCountry "DEN"]

1. e4 c6 2. d4 d5 3. exd5 cxd5 4. c4 Nf6 5. Nc3 e6 6. Nf3 Be7 7. cxd5 Nxd5 8. Bc4 Nc6 9. O-O O-O 10. Re1 a6 11. a3 Bf6 12. Ne4 Nce7 13. Qd3 Ng6 14. Nxf6+ Nxf6 15. Bg5 h6 16. Bxf6 Qxf6 17. Ne5 Nh4 18. Qe4 Nf5 19. Bf1 Ra7 20. Rad1 b5 21. Qf4 Qg5 22. Qxg5 hxg5 23. d5 exd5 24. Rxd5 Rc7 25. Red1 f6 26. Nd7 Re8 27. Nc5 Ne7 28. Rd8 Rxd8 29. Rxd8+ Kf7 30. b4 Nc6 31. Rd1 1/2-1/2

[Event "Skakligaen 2025-26"]
[Site "Denmark"]
[Date "2026.01.24"]
[Round "5.7"]
[White "Ejsing, Esben"]
[Black "Hansen, Lars"]
[Result "0-1"]
[WhiteElo "2136"]
[BlackElo "2218"]
[EventDate "2025.11.01"]
[EventType "team-tourn"]
[EventRounds "9"]
[EventCountry "DEN"]
[SourceTitle "Holdskaksystemet"]
[WhiteTeam "Nordkalotten"]
[BlackTeam "SK1968"]
[WhiteTeamCountry "DEN"]
[BlackTeamCountry "DEN"]

1. e4 c5 2. Nc3 g6 3. d3 Bg7 4. g3 Nc6 5. Bg2 d6 6. f4 e6 7. Nf3 Nge7 8. h4 b6 9. Bd2 Bb7 10. a3 Qd7 11. Rb1 Nd4 12. h5 O-O-O 13. b4 cxb4 14. axb4 f5 15. b5 Nxf3+ 16. Bxf3 e5 17. h6 Bf6 18. Rb4 Kb8 19. Kf2 d5 20. exd5 Nxd5 21. Nxd5 Bxd5 22. fxe5 Bxe5 23. Re1 Bc7 24. Bf4 Bxf4 25. gxf4 Qd6 26. Ra4 Qf6 27. Bxd5 Rxd5 28. Kg3 g5 29. Qh5 gxf4+ 30. Rxf4 Rg8+ 31. Kf3 Rg6 32. Rc4 Rxb5 33. Qh2+ f4 34. Rxf4 Qc6+ 35. Ree4 Kb7 36. c4 Ra5 37. Rf7+ Ka6 38. Qb8 Rf6+ 39. Rxf6 Qxf6+ 40. Rf4 Qc6+ 41. Ke2 Ra2+ 42. Ke3 Qc5+ 43. Rd4 Qg5+ 44. Qf4 Qg1+ 45. Ke4 Re2+ 46. Kd5 Qg8+ 47. Kc6 Qc8+ 48. Qc7 Re6+ 49. Rd6 Qa8+ 50. Kd7 Qe8# 0-1

[Event "Skakligaen 2025-26"]
[Site "Denmark"]
[Date "2026.01.24"]
[Round "5.8"]
[White "Moller, Morten Kock"]
[Black "Nielsen, Lars Aaes"]
[Result "1/2-1/2"]
[WhiteElo "2168"]
[BlackElo "2182"]
[EventDate "2025.11.01"]
[EventType "team-tourn"]
[EventRounds "9"]
[EventCountry "DEN"]
[SourceTitle "Holdskaksystemet"]
[WhiteTeam "SK1968"]
[BlackTeam "Nordkalotten"]
[WhiteTeamCountry "DEN"]
[BlackTeamCountry "DEN"]

1. e4 c5 2. c3 Nf6 3. e5 Nd5 4. Nf3 Nc6 5. Bc4 Nb6 6. Bb3 c4 7. Bc2 d6 8. exd6 Qxd6 9. O-O Bg4 10. h3 Bh5 11. Re1 e6 12. b3 Be7 13. Na3 Qf4 14. Be4 Bxa3 15. Bxa3 O-O-O 16. Bc1 Ne5 17. g4 Nd3 18. gxh5 Nxe1 19. Qxe1 f5 20. d3 Qd6 21. dxc4 fxe4 22. Qxe4 Rhf8 23. Be3 Qc6 24. Qxc6+ bxc6 25. Nd4 Rde8 26. Nxc6 Kb7 27. Nd4 e5 28. Ne2 Nd7 29. Ng3 e4 30. Rd1 Re7 31. Rd5 Kc8 32. Kg2 Nf6 33. Ra5 Rff7 34. Nf5 Rd7 35. Nd4 Kb7 36. Ne6 Ka8 37. Nd4 Kb7 38. Ne6 Ka8 39. Nd4 1/2-1/2

[Event "Skakligaen 2025-26"]
[Site "Denmark"]
[Date "2026.01.25"]
[Round "6.1"]
[White "Ramsdal, Jens Albert"]
[Black "Hillarp Persson, Tiger"]
[Result "1/2-1/2"]
[WhiteElo "2314"]
[BlackElo "2438"]
[EventDate "2025.11.01"]
[EventType "team-tourn"]
[EventRounds "9"]
[EventCountry "DEN"]
[SourceTitle "Holdskaksystemet"]
[WhiteTeam "SK1968"]
[BlackTeam "Bronshoj"]
[WhiteTeamCountry "DEN"]
[BlackTeamCountry "DEN"]

1. e4 c5 2. Nf3 d6 3. d4 cxd4 4. Nxd4 Nf6 5. Nc3 Nc6 6. Bg5 e6 7. Qd2 a6 8. O-O-O Bd7 9. f4 Be7 10. Nf3 b5 11. Bxf6 gxf6 12. f5 h5 13. Kb1 Qb6 14. Bd3 O-O-O 15. h3 Rdg8 16. Nh4 Kb8 17. Rhf1 Ne5 18. Ne2 Nxd3 19. Qxd3 e5 20. Nc3 Bc6 21. Nd5 Bxd5 22. Qxd5 Rg7 23. Rd3 Rc8 24. Rb3 Qb7 25. Qd3 Rc4 26. Qxc4 bxc4 27. Rxb7+ Kxb7 28. Rf3 Kc6 29. Ra3 Kb5 30. Rc3 d5 31. exd5 Bb4 32. Re3 Kc5 33. c3 Ba5 34. Re2 Kxd5 35. Nf3 Bb6 36. b3 Rg8 37. Kc2 a5 38. Nd2 cxb3+ 39. axb3 Rg5 40. Nc4 Bc5 41. Rd2+ Ke4 42. Nxa5 Kxf5 43. b4 Be3 44. Re2 Bg1 45. c4 Rg3 46. Nb3 Ke6 47. b5 f5 48. c5 Kd5 49. b6 Bxc5 50. Nxc5 Kxc5 51. b7 Rg8 52. Rxe5+ Kc6 53. b8=Q Rxb8 54. Rxf5 Rg8 55. Rf2 Kd5 56. Kd3 Ke5 57. Ke3 1/2-1/2

[Event "Skakligaen 2025-26"]
[Site "Denmark"]
[Date "2026.01.25"]
[Round "6.2"]
[White "Ahlander, Bjorn"]
[Black "Matthiesen, Martin"]
[Result "1-0"]
[WhiteElo "2391"]
[BlackElo "2302"]
[EventDate "2025.11.01"]
[EventType "team-tourn"]
[EventRounds "9"]
[EventCountry "DEN"]
[SourceTitle "Holdskaksystemet"]
[WhiteTeam "Bronshoj"]
[BlackTeam "SK1968"]
[WhiteTeamCountry "DEN"]
[BlackTeamCountry "DEN"]

1. Nf3 Nf6 2. c4 e6 3. Nc3 d5 4. d4 Be7 5. Bg5 h6 6. Bh4 O-O 7. e3 Nbd7 8. Bd3 c5 9. O-O dxc4 10. Bxc4 a6 11. a4 b6 12. Qe2 Bb7 13. Rfd1 Qe8 14. e4 Nh5 15. Bxe7 Qxe7 16. e5 Nf4 17. Qe3 Bxf3 18. Qxf3 Ng6 19. Qe4 cxd4 20. Rxd4 Ngxe5 21. Be2 Qc5 22. Rad1 Nf6 23. Qe3 a5 24. Nb5 Rfc8 25. Nd6 Rcb8 26. Rc1 Neg4 27. Qd2 1-0

[Event "Skakligaen 2025-26"]
[Site "Denmark"]
[Date "2026.01.25"]
[Round "6.3"]
[White "Thogersen, Rasmus"]
[Black "Falkesgaard, Jeppe Hald"]
[Result "0-1"]
[WhiteElo "2270"]
[BlackElo "2246"]
[EventDate "2025.11.01"]
[EventType "team-tourn"]
[EventRounds "9"]
[EventCountry "DEN"]
[SourceTitle "Holdskaksystemet"]
[WhiteTeam "SK1968"]
[BlackTeam "Bronshoj"]
[WhiteTeamCountry "DEN"]
[BlackTeamCountry "DEN"]

1. e4 c5 2. Nf3 Nc6 3. d4 cxd4 4. Nxd4 e5 5. Nb5 d6 6. N1c3 a6 7. Na3 Be7 8. Nc4 b5 9. Ne3 Nf6 10. Bd3 O-O 11. O-O Nb4 12. Be2 Be6 13. a3 Nc6 14. Ned5 Nd4 15. Bd3 Nxd5 16. Nxd5 Bg5 17. c3 Bxc1 18. Rxc1 Nc6 19. Ne3 Qb6 20. Qe2 Rad8 21. Rfd1 Ne7 22. b4 g6 23. c4 Nc6 24. Qf1 Nd4 25. c5 dxc5 26. Rxc5 Nb3 27. Rxe5 Qd4 28. Rg5 Qb2 29. Nd5 Bxd5 30. exd5 Rfe8 31. g3 Nd2 32. Qg2 Qc3 33. f3 Qd4+ 34. Kh1 Qxd3 0-1

[Event "Skakligaen 2025-26"]
[Site "Denmark"]
[Date "2026.01.25"]
[Round "6.4"]
[White "Pilgaard, Kim"]
[Black "Rewitz, Poul"]
[Result "1-0"]
[WhiteElo "2351"]
[BlackElo "2256"]
[EventDate "2025.11.01"]
[EventType "team-tourn"]
[EventRounds "9"]
[EventCountry "DEN"]
[SourceTitle "Holdskaksystemet"]
[WhiteTeam "Bronshoj"]
[BlackTeam "SK1968"]
[WhiteTeamCountry "DEN"]
[BlackTeamCountry "DEN"]

1. d4 f5 2. Nf3 Nf6 3. g3 g6 4. Bg2 Bg7 5. b3 O-O 6. Bb2 d6 7. O-O c6 8. c4 Na6 9. Nbd2 Nc7 10. Qc2 Bd7 11. Rac1 Bh6 12. e3 Qe8 13. Rcd1 Rc8 14. e4 f4 15. e5 Nh5 16. exd6 exd6 17. Rde1 Qd8 18. Ne4 Bf5 19. Nh4 Qd7 20. Nxf5 Qxf5 21. Bf3 Nf6 22. Nxf6+ Rxf6 23. Qxf5 gxf5 24. d5 Rg6 25. dxc6 bxc6 26. Bxc6 fxg3 27. fxg3 f4 28. Kg2 fxg3 29. hxg3 Bf8 30. Be4 Rg5 31. Bf5 Rb8 32. Bf6 Rh5 33. g4 Rh6 34. Bg5 1-0

[Event "Skakligaen 2025-26"]
[Site "Denmark"]
[Date "2026.01.25"]
[Round "6.5"]
[White "Lauridsen, Jesper Morch"]
[Black "Aabling Thomsen, Jakob"]
[Result "0-1"]
[WhiteElo "2230"]
[BlackElo "2334"]
[EventDate "2025.11.01"]
[EventType "team-tourn"]
[EventRounds "9"]
[EventCountry "DEN"]
[SourceTitle "Holdskaksystemet"]
[WhiteTeam "SK1968"]
[BlackTeam "Bronshoj"]
[WhiteTeamCountry "DEN"]
[BlackTeamCountry "DEN"]

1. e4 c5 2. Nf3 g6 3. d4 cxd4 4. Nxd4 Nc6 5. c4 Nf6 6. Nc3 Nxd4 7. Qxd4 d6 8. Be2 Bg7 9. O-O O-O 10. Qe3 a5 11. Bd2 Bd7 12. Rac1 Bc6 13. Rfd1 Nd7 14. b3 Nc5 15. Be1 f5 16. exf5 Rxf5 17. Bg4 Re5 18. Qh3 Qf8 19. Nd5 Bxd5 20. Rxd5 Rxd5 21. Be6+ Kh8 22. Bxd5 Qf4 23. Qe3 Qxe3 24. fxe3 Nd3 25. Rd1 Nxe1 26. Rxe1 Rb8 27. a4 b6 28. Rf1 Bh6 29. Rf3 e6 30. Be4 Rd8 31. Kf2 Bg5 32. Rf7 d5 33. Bd3 d4 34. e4 e5 35. Ke2 Be3 36. c5 bxc5 37. Bc4 Bh6 38. Re7 Rf8 39. Rxe5 Be3 40. Rxc5 Rf2+ 41. Ke1 Rxg2 42. e5 Bd2+ 43. Kf1 Rg5 44. Rd5 Bb4 45. Ke2 Rh5 46. Kd3 Bc3 47. e6 Rh3+ 48. Ke4 Re3+ 49. Kf4 Kg7 50. Rd7+ Kh6 51. e7 Bb4 52. Rxd4 Rxe7 53. Kf3 Kg7 54. Bb5 Rf7+ 55. Kg2 Kh6 56. Bc4 Re7 57. h3 Kg5 58. Rg4+ Kf6 59. Rf4+ Kg7 60. Rd4 h5 61. Kf3 Re5 62. Re4 Rg5 63. Rf4 Be1 64. h4 Rg1 65. Rf7+ Kh6 66. Ra7 Rg4 67. Ke2 Bb4 68. Ra6 Rxh4 69. Be6 Rf4 70. Bc4 h4 71. Bd3 Rg4 72. Ra8 Rg2+ 73. Kf3 Rg3+ 74. Ke2 Kg5 75. Rg8 Kf6 76. Rh8 g5 77. Rc8 Ke5 78. Re8+ Kd4 79. Bc4 h3 80. Rd8+ Kc3 81. Kf2 Rg2+ 82. Kf1 g4 83. Rd3+ Kc2 84. Re3 g3 85. Be6 Rf2+ 86. Kg1 h2+ 0-1

[Event "Skakligaen 2025-26"]
[Site "Denmark"]
[Date "2026.01.25"]
[Round "6.6"]
[White "Bromann, Thorbjorn"]
[Black "Hansen, Lars"]
[Result "1/2-1/2"]
[WhiteElo "2362"]
[BlackElo "2218"]
[EventDate "2025.11.01"]
[EventType "team-tourn"]
[EventRounds "9"]
[EventCountry "DEN"]
[SourceTitle "Holdskaksystemet"]
[WhiteTeam "Bronshoj"]
[BlackTeam "SK1968"]
[WhiteTeamCountry "DEN"]
[BlackTeamCountry "DEN"]

1. b3 Nf6 2. Bb2 d5 3. e3 c6 4. Nf3 Bg4 5. h3 Bxf3 6. Qxf3 g6 7. Bxf6 exf6 8. c4 Bg7 9. cxd5 f5 10. dxc6 Nxc6 11. Nc3 Qa5 12. b4 Qa3 13. Nb5 Qxb4 14. a3 Qe7 15. Ra2 O-O 16. Qf4 a6 17. Nc3 Bxc3 18. dxc3 Qc5 19. Qc4 Qb6 20. Qd3 Rac8 21. Be2 Rfd8 22. Qc2 f4 23. Qb2 Qxb2 24. Rxb2 Na5 25. Rc2 fxe3 26. fxe3 Re8 27. Kf2 Re5 28. Rb1 Rec5 29. Bf3 Rxc3 30. Rd2 Rc2 31. Ke2 Rxd2+ 32. Kxd2 Nc4+ 33. Ke2 b5 34. Bb7 Re8 35. Bxa6 Rxe3+ 36. Kf2 Rxa3 37. Bxb5 Ra2+ 38. Kg3 Na3 39. Rb4 Nxb5 40. Rxb5 Kg7 41. Kf3 h5 42. h4 Ra3+ 43. Kf2 Ra4 44. g3 Kf6 45. Kf3 Rd4 46. Ra5 Ke6 47. Rb5 Rd5 48. Rb4 Ke5 49. Re4+ Kd6 50. Ra4 Kc5 51. Rf4 Rd3+ 52. Kg2 Rd7 53. Kf3 Rb7 54. Rf6 Kd5 55. Ra6 Rc7 56. Kf4 Rc6 57. Ra5+ Ke6 58. Re5+ Kf6 59. Ra5 Rc4+ 60. Kf3 Rd4 61. Ke3 Rc4 62. Kf3 Ke6 63. Ra6+ Ke5 64. Ra5+ Kd6 65. Ra6+ Rc6 66. Ra7 Ke6 67. Ra5 Rd6 68. Ke4 f6 69. Rb5 Ra6 70. Kf4 Ra4+ 71. Kf3 Rg4 72. Rb6+ Ke5 73. Rb5+ Kd6 74. Rb6+ Ke7 75. Rb7+ Ke6 76. Rb6+ Ke7 1/2-1/2

[Event "Skakligaen 2025-26"]
[Site "Denmark"]
[Date "2026.01.25"]
[Round "6.7"]
[White "Moller, Morten Kock"]
[Black "Hoi, Carsten"]
[Result "0-1"]
[WhiteElo "2168"]
[BlackElo "2275"]
[EventDate "2025.11.01"]
[EventType "team-tourn"]
[EventRounds "9"]
[EventCountry "DEN"]
[SourceTitle "Holdskaksystemet"]
[WhiteTeam "SK1968"]
[BlackTeam "Bronshoj"]
[WhiteTeamCountry "DEN"]
[BlackTeamCountry "DEN"]

1. e4 e5 2. Nf3 Nc6 3. Bb5 a6 4. Bxc6 bxc6 5. d4 exd4 6. Qxd4 Qf6 7. e5 Qg6 8. O-O Ne7 9. Nc3 Nf5 10. Qe4 Rb8 11. a3 Be7 12. Rd1 O-O 13. Rb1 d5 14. Qa4 Bb7 15. Ne2 f6 16. Nf4 Qf7 17. Re1 Rfe8 18. Bd2 Bf8 19. c3 c5 20. Qc2 g6 21. e6 Qe7 22. Qd3 c4 23. Qc2 c5 24. Kh1 Nd6 25. Rbd1 Ne4 26. Bc1 Rbd8 27. Nh4 f5 28. f3 Qxh4 29. fxe4 fxe4 30. Qe2 Qe7 31. Rf1 Bg7 32. Nxg6 hxg6 33. Rf7 Qxe6 34. Rxb7 d4 35. Bg5 e3 36. Bxd8 Rxd8 37. Rg1 d3 38. Qf3 e2 39. Qg3 d2 40. Qc7 Qf6 0-1

[Event "Skakligaen 2025-26"]
[Site "Denmark"]
[Date "2026.01.25"]
[Round "6.8"]
[White "Palm, Nikolaj"]
[Black "Pedersen, Gunnar"]
[Result "1/2-1/2"]
[WhiteElo "2268"]
[BlackElo "2181"]
[EventDate "2025.11.01"]
[EventType "team-tourn"]
[EventRounds "9"]
[EventCountry "DEN"]
[SourceTitle "Holdskaksystemet"]
[WhiteTeam "Bronshoj"]
[BlackTeam "SK1968"]
[WhiteTeamCountry "DEN"]
[BlackTeamCountry "DEN"]

1. d4 Nf6 2. c4 e6 3. Nc3 d5 4. Nf3 dxc4 5. e3 a6 6. Bxc4 b6 7. O-O Bb7 8. Qe2 Bb4 9. a3 Bxc3 10. bxc3 Nbd7 11. Bd3 Qe7 12. e4 e5 13. Nxe5 Nxe5 14. dxe5 Qxe5 15. Be3 O-O 16. Bd4 Qe7 17. f3 Nd7 18. Qb2 Rad8 19. Rad1 Ne5 20. Be2 f6 21. Rd2 1/2-1/2

[Event "Skakligaen 2025-26"]
[Site "Denmark"]
[Date "2026.01.25"]
[Round "6.1"]
[White "Liu, Casper Yukun"]
[Black "Chatalbashev, Boris"]
[Result "0-1"]
[WhiteElo "2353"]
[BlackElo "2525"]
[EventDate "2025.11.01"]
[EventType "team-tourn"]
[EventRounds "9"]
[EventCountry "DEN"]
[SourceTitle "Holdskaksystemet"]
[WhiteTeam "BMS"]
[BlackTeam "Fredericia"]
[WhiteTeamCountry "DEN"]
[BlackTeamCountry "DEN"]

1. e4 c5 2. Nf3 Nc6 3. Bb5 g6 4. O-O Bg7 5. c3 Nf6 6. Re1 O-O 7. h3 e5 8. d4 cxd4 9. cxd4 Nxd4 10. Nxd4 Qb6 11. Nf3 Qxb5 12. Nc3 Qa5 13. Bg5 d6 14. Qxd6 Be6 15. Qxe5 Qxe5 16. Nxe5 Rfe8 17. Nd3 Bc4 18. Rad1 Nd7 19. Nd5 h6 20. Bf4 g5 21. Bg3 Rac8 22. b3 Bxd3 23. Rxd3 f5 24. Bd6 fxe4 25. Rde3 Rc2 26. Rxe4 Rxe4 27. Rxe4 Rxa2 28. Ne7+ Kh7 29. Nf5 Bf6 30. g4 Rc2 31. Re8 Rc6 32. Be7 Rb6 33. b4 Kg6 34. Rd8 Ne5 35. Rh8 Bxh8 0-1

[Event "Skakligaen 2025-26"]
[Site "Denmark"]
[Date "2026.01.25"]
[Round "6.2"]
[White "Kanov, Nikola Krasimirov"]
[Black "Kistrup, Nicolai"]
[Result "1-0"]
[WhiteElo "2403"]
[BlackElo "2367"]
[EventDate "2025.11.01"]
[EventType "team-tourn"]
[EventRounds "9"]
[EventCountry "DEN"]
[SourceTitle "Holdskaksystemet"]
[WhiteTeam "Fredericia"]
[BlackTeam "BMS"]
[WhiteTeamCountry "DEN"]
[BlackTeamCountry "DEN"]

1. Nf3 d5 2. g3 Nc6 3. d4 Bf5 4. Bg2 Nb4 5. Na3 e6 6. c3 Nc6 7. Nc2 Be7 8. O-O h6 9. Nd2 Nf6 10. f3 e5 11. e4 Bh7 12. f4 exd4 13. e5 dxc3 14. exf6 Bc5+ 15. Kh1 Qxf6 16. bxc3 Qxc3 17. f5 O-O-O 18. Rb1 Qf6 19. Bb2 Qg5 20. Nb3 Bb6 21. Qf3 h5 22. h4 Qh6 23. a4 Rhe8 24. Bc1 Qd6 25. Bf4 Qd7 26. a5 Nxa5 27. Nxa5 Bxa5 28. Qa3 b6 29. Nd4 Re4 30. Bxe4 dxe4 31. Rfc1 c5 32. Rxc5+ Kb7 33. Rxa5 1-0

[Event "Skakligaen 2025-26"]
[Site "Denmark"]
[Date "2026.01.25"]
[Round "6.3"]
[White "Jacobsen, Mikkel Manosri"]
[Black "Fries Nielsen, Jens Ove"]
[Result "1-0"]
[WhiteElo "2308"]
[BlackElo "2281"]
[EventDate "2025.11.01"]
[EventType "team-tourn"]
[EventRounds "9"]
[EventCountry "DEN"]
[SourceTitle "Holdskaksystemet"]
[WhiteTeam "BMS"]
[BlackTeam "Fredericia"]
[WhiteTeamCountry "DEN"]
[BlackTeamCountry "DEN"]

1. c4 e6 2. g3 g6 3. Bg2 Bg7 4. Nc3 Ne7 5. d4 d6 6. e4 Nd7 7. Nge2 a6 8. O-O Rb8 9. a4 c5 10. Be3 Nc6 11. d5 exd5 12. Nxd5 Bxb2 13. Bh6 Rg8 14. Rb1 Bh8 15. f4 Nf6 16. Nxf6+ Bxf6 17. e5 Nxe5 18. fxe5 Bxe5 19. Bd5 Be6 20. Bxe6 fxe6 21. Bf4 Qc7 22. Bxe5 dxe5 23. Qb3 Qc6 24. Qb6 Ke7 25. Nc3 Rgd8 26. Qxc6 bxc6 27. Rxb8 Rxb8 28. Rb1 Rb4 29. Kf2 Rxc4 30. Rb3 Rb4 31. Rxb4 cxb4 32. Ne4 b3 33. Ke3 b2 34. Nd2 Kf6 35. Ke4 c5 36. Nb1 Ke7 37. Kxe5 Kd7 38. Na3 Kc6 39. Ke4 g5 40. g4 Kd7 41. Nb1 Kd6 42. Nd2 Kc6 43. Ke5 Kd7 44. Nb1 Kc6 45. Nc3 Kd7 46. Ke4 Kd6 47. a5 Kc6 48. Kd3 b1=Q+ 49. Nxb1 Kb5 50. Nc3+ Kb4 51. Ne4 h6 52. Nd6 e5 53. Nf7 c4+ 54. Kc2 e4 55. Nxh6 e3 56. Nf5 e2 57. Kd2 Kxa5 58. h4 gxh4 59. g5 h3 60. g6 h2 61. Ng3 1-0

[Event "Skakligaen 2025-26"]
[Site "Denmark"]
[Date "2026.01.25"]
[Round "6.4"]
[White "Light, Bjarne"]
[Black "Nielsen Refs, Karl Emil Elmer"]
[Result "1/2-1/2"]
[WhiteElo "2228"]
[BlackElo "2164"]
[EventDate "2025.11.01"]
[EventType "team-tourn"]
[EventRounds "9"]
[EventCountry "DEN"]
[SourceTitle "Holdskaksystemet"]
[WhiteTeam "Fredericia"]
[BlackTeam "BMS"]
[WhiteTeamCountry "DEN"]
[BlackTeamCountry "DEN"]

1. Nf3 d5 2. e3 Nf6 3. c4 e6 4. Nc3 c5 5. cxd5 exd5 6. d4 Nc6 7. Bb5 Bg4 8. Bxc6+ bxc6 9. Qa4 Rc8 10. Ne5 cxd4 11. exd4 Bd6 12. Bg5 Bh5 13. O-O O-O 14. Qxa7 c5 15. Nxd5 Bb8 16. Bxf6 Qxd5 17. Qd7 Qe4 18. Rfe1 Qf4 19. Be7 Rc7 20. Qd6 Rb7 21. Qxc5 Rxb2 22. Rf1 Re8 23. Qc6 f6 24. Qe6+ Kh8 25. g3 Qxd4 26. Nf7+ Bxf7 27. Qxf7 Rg8 28. Rad1 Qa7 29. Qe6 Qxa2 30. Qxa2 Rxa2 1/2-1/2

[Event "Skakligaen 2025-26"]
[Site "Denmark"]
[Date "2026.01.25"]
[Round "6.5"]
[White "Wahlgreen, Noah Krug"]
[Black "Easwaralingam, Adesh"]
[Result "0-1"]
[WhiteElo "2167"]
[BlackElo "2217"]
[EventDate "2025.11.01"]
[EventType "team-tourn"]
[EventRounds "9"]
[EventCountry "DEN"]
[SourceTitle "Holdskaksystemet"]
[WhiteTeam "BMS"]
[BlackTeam "Fredericia"]
[WhiteTeamCountry "DEN"]
[BlackTeamCountry "DEN"]

1. e4 c5 2. Nf3 e6 3. c3 Nf6 4. e5 Nd5 5. g3 Nc6 6. Bg2 d6 7. exd6 Bxd6 8. O-O O-O 9. d4 h6 10. b3 cxd4 11. Nxd4 Nxd4 12. Qxd4 Qc7 13. Bb2 Be5 14. Qd2 Bd7 15. Re1 Bf6 16. c4 Bxb2 17. Qxb2 Nf6 18. Nd2 Bc6 19. Nf3 Rad8 20. Rac1 a5 21. a3 b6 22. b4 Qb7 23. Qe2 axb4 24. axb4 b5 25. cxb5 Bxb5 26. Ne5 Qb8 27. Qe3 Nd5 28. Qe4 Be8 29. Red1 Ba4 30. Rd4 Nf6 31. Qe3 Rxd4 32. Qxd4 Rd8 33. Qc5 Nd5 34. Qa5 Bb5 35. Nf3 Nc3 36. Ra1 Rd6 37. Qa3 Qc7 38. h4 f6 39. Kh2 Ra6 40. Qc1 Rxa1 41. Qxa1 Qc4 42. Qa8+ Kh7 43. Qf8 Ne4 44. h5 Nxf2 45. Nh4 Ng4+ 46. Kh3 Nf2+ 47. Kh2 Ng4+ 48. Kh3 Ne5 49. Qc5 Qg4+ 50. Kh2 Qe2 51. Qd4 Bc6 52. Qg1 Kg8 53. Qf1 Qxh5 54. Bxc6 Nxc6 55. Qa6 Qd5 56. b5 Ne5 57. Qc8+ Kh7 58. Qc2+ f5 59. Kh3 Qh1+ 60. Qh2 Qf1+ 0-1

[Event "Skakligaen 2025-26"]
[Site "Denmark"]
[Date "2026.01.25"]
[Round "6.6"]
[White "Schwarz, Frank"]
[Black "Iskos, Lukas"]
[Result "1-0"]
[WhiteElo "2249"]
[BlackElo "2144"]
[EventDate "2025.11.01"]
[EventType "team-tourn"]
[EventRounds "9"]
[EventCountry "DEN"]
[SourceTitle "Holdskaksystemet"]
[WhiteTeam "Fredericia"]
[BlackTeam "BMS"]
[WhiteTeamCountry "DEN"]
[BlackTeamCountry "DEN"]

1. d4 d5 2. Nf3 Nf6 3. e3 e6 4. Bd3 c5 5. b3 Bd6 6. Bb2 Nc6 7. Nbd2 cxd4 8. exd4 Qc7 9. a3 O-O 10. Qe2 Re8 11. Ne5 Bxe5 12. dxe5 Nd7 13. f4 Nc5 14. O-O Nxd3 15. Qxd3 a5 16. Rf3 Ne7 17. Rh3 Ng6 18. Rc1 Rd8 19. Nf3 b6 20. Nd4 Ba6 21. Qf3 Rac8 22. Qh5 Nf8 23. Re1 a4 24. f5 exf5 25. Nxf5 Qxc2 26. Ne7+ Kh8 27. Qxf7 Nd7 28. Ng6+ 1-0

[Event "Skakligaen 2025-26"]
[Site "Denmark"]
[Date "2026.01.25"]
[Round "6.7"]
[White "Haubro, Sigfred"]
[Black "Moller, Dustin"]
[Result "0-1"]
[WhiteElo "2093"]
[BlackElo "2150"]
[EventDate "2025.11.01"]
[EventType "team-tourn"]
[EventRounds "9"]
[EventCountry "DEN"]
[SourceTitle "Holdskaksystemet"]
[WhiteTeam "BMS"]
[BlackTeam "Fredericia"]
[WhiteTeamCountry "DEN"]
[BlackTeamCountry "DEN"]

1. b4 e5 2. Bb2 Bxb4 3. Bxe5 Nf6 4. Nf3 d5 5. e3 O-O 6. Be2 c5 7. O-O Nc6 8. Bg3 d4 9. a3 Ba5 10. exd4 cxd4 11. a4 Bf5 12. Ra3 Nb4 13. Ne1 Rc8 14. d3 Nfd5 15. Bf3 Re8 16. Rb3 Qd7 17. Nd2 Nc3 18. Qa1 Be6 19. Ra3 Bd5 20. Qb2 Rxe1 21. Rxe1 Nxc2 22. Rf1 Nxa3 23. Qxa3 Bxf3 24. Nxf3 Ne2+ 25. Kh1 Rc3 26. Qb2 Nxg3+ 27. hxg3 Bb6 28. Qe2 Qxa4 29. Qe7 Rc8 30. Re1 h6 31. Qxb7 Qc6 32. Qe7 Qc7 33. Qe4 Rd8 34. Nh4 Ba5 35. Re2 Qc1+ 36. Kh2 Qg5 37. f4 Qh5 38. Kg1 Rb8 39. Kf2 g6 40. Qe7 Bb6 41. Qf6 Rf8 42. Re5 Bd8 43. Qc6 Qg4 44. Nf3 h5 45. Re8 h4 46. Rxf8+ Kxf8 47. Qd6+ Be7 48. Qxd4 hxg3+ 49. Kf1 Qh5 50. Qxa7 Qb5 51. Qd4 Kg8 52. Ke2 Bc5 53. Qc3 Bd6 54. Qc8+ Kg7 55. Qc3+ Kg8 56. Qc8+ Bf8 57. Qc3 Qb6 58. d4 Qe6+ 59. Ne5 Qd5 60. Qxg3 Qe4+ 61. Qe3 Qxg2+ 62. Kd3 Qb2 63. Qd2 Qb1+ 64. Ke3 Bb4 65. Qd3 Qg1+ 66. Kf3 Qh1+ 67. Ke3 Qh3+ 68. Ke4 Qg2+ 0-1